|
|
|
|
| LEADER |
00954nam a2200217 u 4500 |
| 001 |
10067187 |
| 003 |
GR-PaULI |
| 005 |
20250120105617.0 |
| 008 |
080718r19891987gr gre |
| 952 |
|
|
|0 0
|1 0
|2 ddc
|4 0
|6 889_090000000000000_VIT
|7 0
|9 354590
|a LISP
|b LISP
|c DON
|d 2022-01-18
|e ΠΑΤ
|i 254742
|l 0
|o 889.09 VIT
|p 025000289806
|r 2022-01-18 00:00:00
|t 1
|w 2022-01-18
|y BKN
|
| 999 |
|
|
|c 207851
|d 207851
|
| 040 |
|
|
|a GR-PaULI
|c GR-PaULI
|b gre
|e AACR2
|
| 082 |
0 |
4 |
|a 889.09
|2 23
|
| 100 |
1 |
|
|a Vitti, Mario,
|d 1926-2023
|e συγγραφέας.
|9 6727
|
| 245 |
1 |
0 |
|a Ιστορία της νεοελληνικής λογοτεχνίας /
|c Mario Vitti.
|
| 260 |
|
|
|a Αθήνα :
|b Οδυσσέας,
|c 1987 [ανατύπωση 1989].
|
| 300 |
|
|
|a 526 σ. ;
|c 21 εκ.
|
| 500 |
|
|
|a Περιλαμβάνει ευρετήριο.
|
| 650 |
|
4 |
|a Νεοελληνική λογοτεχνία
|x Ιστορία και κριτική.
|9 3155
|
| 942 |
|
|
|2 ddc
|c BKN
|
| 998 |
|
|
|c ΜΠΟΥΡΑΣ
|d 2022-01
|